<?xml version="1.0" encoding="UTF-8"?>
<record
    xmlns:xsi="http://www.w3.org/2001/XMLSchema-instance"
    xsi:schemaLocation="http://www.loc.gov/MARC21/slim http://www.loc.gov/standards/marcxml/schema/MARC21slim.xsd"
    xmlns="http://www.loc.gov/MARC21/slim">

  <leader>00548nam a22001457a 4500</leader>
  <datafield tag="999" ind1=" " ind2=" ">
    <subfield code="c">114876</subfield>
    <subfield code="d">114876</subfield>
  </datafield>
  <controlfield tag="005">20191130110719.0</controlfield>
  <controlfield tag="008">191130b           ||||| |||| 00| 0 eng d</controlfield>
  <datafield tag="040" ind1=" " ind2=" ">
    <subfield code="c">PK-LaUMT</subfield>
  </datafield>
  <datafield tag="082" ind1=" " ind2=" ">
    <subfield code="a">158.1</subfield>
    <subfield code="b">CAN-K</subfield>
  </datafield>
  <datafield tag="100" ind1=" " ind2=" ">
    <subfield code="a">Canfield, Jack = &#x6A9;&#x6CC;&#x646; &#x641;&#x6CC;&#x644;&#x688;&#x60C; &#x62C;&#x6CC;&#x6A9;</subfield>
  </datafield>
  <datafield tag="245" ind1=" " ind2=" ">
    <subfield code="a">Kamyabi ke sonehree usool = &#x6A9;&#x627;&#x645;&#x6CC;&#x627;&#x628;&#x6CC; &#x6A9;&#x6D2; &#x633;&#x646;&#x6C1;&#x631;&#x6D2; &#x627;&#x635;&#x648;&#x644; /</subfield>
    <subfield code="c">by Jack Canfield; translated by Riaz Mahmood Anjum = &#x627;&#x632; &#x62C;&#x6CC;&#x6A9; &#x6A9;&#x6CC;&#x646; &#x641;&#x6CC;&#x644;&#x688;&#x61B; &#x645;&#x62A;&#x631;&#x62C;&#x645; : &#x631;&#x6CC;&#x627;&#x636; &#x645;&#x62D;&#x645;&#x648;&#x62F; &#x627;&#x646;&#x62C;&#x645;</subfield>
  </datafield>
  <datafield tag="260" ind1=" " ind2=" ">
    <subfield code="a">Lahore :</subfield>
    <subfield code="b">Book Home,</subfield>
    <subfield code="c">2018</subfield>
  </datafield>
  <datafield tag="300" ind1=" " ind2=" ">
    <subfield code="a">280 p.</subfield>
  </datafield>
  <datafield tag="942" ind1=" " ind2=" ">
    <subfield code="c">BK</subfield>
  </datafield>
  <datafield tag="952" ind1=" " ind2=" ">
    <subfield code="0">0</subfield>
    <subfield code="1">0</subfield>
    <subfield code="4">0</subfield>
    <subfield code="7">0</subfield>
    <subfield code="a">01</subfield>
    <subfield code="b">01</subfield>
    <subfield code="d">2019-11-30</subfield>
    <subfield code="l">6</subfield>
    <subfield code="o">158.1 CAN-K</subfield>
    <subfield code="p">131258</subfield>
    <subfield code="q">2026-04-27</subfield>
    <subfield code="r">2026-04-13 10:50:13</subfield>
    <subfield code="s">2026-04-13</subfield>
    <subfield code="w">2019-11-30</subfield>
    <subfield code="y">BK</subfield>
  </datafield>
</record>
